| 000 | 00471nam a2200205Ia 4500 | ||
|---|---|---|---|
| 003 | 0100 | ||
| 008 | 130303s9999 xx 000 0 und d | ||
| 020 | _a0829413669 | ||
| 040 | _cARRUPELIB | ||
| 050 | _aBX2179.L9S49 1999 | ||
| 100 | _aMargaret Silf | ||
| 245 | _aInner Compass | ||
| 245 | _ban invitation to Ignatian Spirituality | ||
| 260 | _aChicago | ||
| 260 | _bLoyola Press | ||
| 260 | _C1999 | ||
| 300 | _axviii | ||
| 300 | _b 196p. 22cm. | ||
| 942 | 0 | 0 | _02 |
| 999 |
_c9744 _d9744 |
||